Značenije malogo i srednego biznesa vo vnešnej torgovle Slovakii i podderžka jego eksporta

Na minha lista:
Detalhes bibliográficos
Autor principal: Kašťáková, Elena, 1974-
Formato: Capítulo de Livro
Idioma:russo
Assuntos:
Tags: Adicionar Tag
Sem tags, seja o primeiro a adicionar uma tag!

MARC

LEADER 00000naa$a2200000$$$4500
001 0269906
005 20240502083809.2
041 0 |a rus 
044 |a RU 
245 1 0 |a Značenije malogo i srednego biznesa vo vnešnej torgovle Slovakii i podderžka jego eksporta  |c Elena Kašťáková 
610 2 0 |a obchod 
610 2 0 |a obchod medzinárodný 
610 2 0 |a globalizácia 
610 2 0 |a podnik malý 
610 2 0 |a podnik stredný 
610 2 0 |a Slovensko 
100 1 |a Kašťáková, Elena, 1974-